000 00884cam a22002891a 4500
001 43540
003 BD-RjUL
005 20211209053719.0
008 160623s1958 ohua b 000 0 eng
035 _a(BD-RjUL)43658
035 _a569881
040 _aLC
_beng
_cLC
_dLC
041 _aeng
082 0 0 _a332.1
_bSTM 1958
100 1 _aSteiner, W.H.
_d1908-1973.
_9133754
245 1 0 _aMoney and banking :
_ban introduction to the financial system /
_c[by] W.H. Steiner, Eli Shapiro [and] Ezra Solomon.
250 _a4th ed.
260 _aCincinnati :
_bSouth-western Pub. Co.,
_c1958
300 _avi, 740 p. :
_bill. ;
_c24 cm.
504 _aBibliographical footnotes.
650 0 _aBanks and banking.
_9133755
650 0 _aMoney.
_9133756
700 _aShapiro, Eli
_9133757
700 _aSolomon, Ezra
_9133758
942 _2ddc
_cBK
999 _c43540
_d43540